000 00325nam a2200109Ia 4500
008 171211s9999 xx 000 0 und d
245 4 _aThe Theory of Mixed Oligopoly
245 _cMinoru Kunizaki and Mitsuyoshi Yanagihara
260 _c2017
650 _xEconomics
856 _uhttp://www.ebook777.com/theory-mixed-oligopoly/
999 _c348111
_d348111